El cristo indígena, el rey nativo : El sustrato histórico de la mitología del ritual de los mayas /

El rastreo de la supervivencia de diversas formas rituales con una raíz eminentemente maya actualiza el sentido del mestizaje: el caso concreto del ritual del cristo indígena comprueba que en la cultura popular aún existe escondida una rica veta de investigación para proponer nuevas interpretaciones...

Full description

Bibliographic Details
Main Author: Reifler Bricker, Victoria
Format: Libro
Language:Spanish
Published: México Fondo de Cultura Económica 1989
Edition:1a. ed.
Series:Obras de antropología
Subjects:
Online Access:

MARC

LEADER 00000cam a2200000 a 4500
001 023273
003 UAHC_CL
005 20170803122226.0
008 071129s1989 mx 000 spa
020 |a 9681631617 
040 |a UAHC_CL  |c UAHC_CL  |d UAHC_CL 
082 0 4 |a 972.81016  |b R361  |2 20 
100 1 |a Reifler Bricker, Victoria 
245 1 3 |a El cristo indígena, el rey nativo :  |b El sustrato histórico de la mitología del ritual de los mayas /  |c Victoria Riefler Bricker; Traducción de Cecilia Paschero. 
250 |a 1a. ed. 
260 |b Fondo de Cultura Económica  |a México  |c 1989 
300 |a 528 p. 
490 0 |a Obras de antropología 
520 |a El rastreo de la supervivencia de diversas formas rituales con una raíz eminentemente maya actualiza el sentido del mestizaje: el caso concreto del ritual del cristo indígena comprueba que en la cultura popular aún existe escondida una rica veta de investigación para proponer nuevas interpretaciones a viejas controversias. 
650 4 |a MAYAS  |x CIVILIZACION 
650 4 |a MITOLOGIA INDIGENA  |z MEXICO 
650 4 |a MITOLOGIA MAYA 
650 4 |a MAYAS  |x RELIGION 
653 |a ANTROPOLOGIA 
653 |a LICENCIATURA EN HISTORIA 
653 |a PEDAGOGIA EN HISTORIA Y CIENCIAS SOCIALES 
900 |a 972.81016 REI 
942 |c BK 
952 |0 0  |1 0  |4 0  |6 972_810160000000000_REI  |7 0  |8 General  |9 46369  |a BC  |b BC  |c General  |d 2017-08-03  |l 0  |o 972.81016 REI  |p 1361604  |r 2026-01-13 00:00:00  |t 1  |w 2017-08-03  |y BK 
952 |0 0  |1 0  |4 0  |6 972_810160000000000_REI  |7 0  |8 General  |9 46370  |a BC  |b BC  |c General  |d 2017-08-03  |l 0  |o 972.81016 REI  |p 1361605  |r 2026-01-13 00:00:00  |t 2  |w 2017-08-03  |y BK 
999 |c 23273  |d 23273